Naming the Criminal

Titel: Naming the Criminal : Lithuanian Jews Remember Perpetrators / Hannah Pollin-Galay
Verfasser:
In: Holocaust and genocide studies, Band 30, Heft 3 (2016), Seite 506-531
alle Artikel anzeigen
Veröffentlicht: 2016
Format: Aufsatz
Sprache: Englisch
Schlagworte:
Kein Bild verfügbar
X
alg: 43293474
001A    $03025:22-06-18 
001B    $01999:26-07-19 $t15:34:01.000 
001C    $03025:22-06-18 $t15:45:57.000 
001D    $03025:22-06-18 
001U    $0utf8 
001X    $00 
002@    $0Oou 
002C    $aText $btxt $2rdacontent 
002D    $aComputermedien $bc $2rdamedia 
002E    $aOnline-Ressource $bcr $2rdacarrier 
003@    $043293474X 
004P    $010.1093/hgs/dcw069 
007A    $043293474X $aHEB 
010@    $aeng 
010E    $erda 
011@    $a2016 
021A    $aNaming the Criminal $dLithuanian Jews Remember Perpetrators $hHannah Pollin-Galay 
028A    $BVerfasser $#Galay, Hannah Pollin- $4aut $71098142608 $8Pollin-Galay, Hannah [Tp3] $9378562231 
031A    $d30 $e3 $h506-531 $j2016 
039B    $aEnthalten in $8--Obvc--. Holocaust and genocide studies. - Oxford {[u.a.] : Oxford Univ. Press, 1986-. - Online-Ressource. - ISSN 1476-7937 $x201600000300003494 $910488908X 
044K    $RLitovskaja Gubernija $RLitauische Sozialistische Sowjetrepublik $#Litauen $#Litauen $#Lithuania $#Lietuvos Respublika $#République Lithuanienne $#Lithuanie $#Litva 1918 - 1940, 1991, 9 - $#Litovskaja Respublika $#Lithuania 1918 - 1940, 1991, 9 - $#Republik Litauen $#Republic of Lithuania $#Lithuanian Republic $#Litauische Republik $#Lietuva $74074266-0 $8Litauen [Tg1] $9085209074 
044K    $RJudenverfolgung $RNationalsozialistisches Verbrechen $RVernichtungslager $#Holocaust, Jewish (1939-1945) $#Shoah $#Holocausto judío (1939-1945) $#Endlösung $#Holocaust $#Holokaust $#Judenfrage Endlösung $#Schoah $#Shoah $#Shoʾah $#Shoa $#Drittes Reich Judenvernichtung $#Šô'ā $#Juden Vernichtung $74073091-8 $8Judenvernichtung [Ts1] $9085205818 
044K    $RQuelle $RBericht $RTagebuch $#Personal narratives $#Récits personnels $#Augenzeugenbericht Formschlagwort $#Eindrücke Formschlagwort $#Erlebnisgeschichte $#Reportage Formschlagwort $#Erfahrungsbericht $#Persönlicher Bericht $74133254-4 $8Erlebnisbericht [Ts1] $9085482919 
044K    $RPolitische Identität $RGeschichtsbild $RGeschichtsdenken $#Conscience historique $#Geschichtsbewusstsein $#Historisches Bewusstsein $#Geschichtsverständnis Geschichtsbewusstsein $#Geschichtskultur $74020526-5 $8Geschichtsbewusstsein [Ts1] $9085049387 
045F    $a909.04924094793 $eDDC23BSB 
045F/01 $a909.04924 
045F/03 $f0904 
045F/03 $g4793 
045R    $aGeschichte 1941-2013 
045T    $aROM $qDE-5 $2FID 
045T    $aROM $qDE-18 $2FID 
045T    $aJUDAICA $qDE-30 $2FID 
045T    $aINTRECHT $qDE-1a $2FID 
045T    $aKRIM $qDE-21 $2FID 
045T    $a2,1 

lok: 43293474 78

exp: 43293474 78 1 #EPN
201B/01 $022-06-18 $t15:44:33.000 
201C/01 $022-06-18 
201U/01 $0utf8 
203@/01 $01023773309 
208@/01 $a22-06-18 $be 
209A/01 $a/ $f000 $x00 
209A/01 $ab*p $x01 
220C/01 $apgar 
244Z/01 $#Litauen $#Litauen $#Lithuania $#Lietuvos Respublika $#République Lithuanienne $#Lithuanie $#Litva 1918 - 1940, 1991, 9 - $#Litovskaja Respublika $#Lithuania 1918 - 1940, 1991, 9 - $#Republik Litauen $#Republic of Lithuania $#Lithuanian Republic $#Litauische Republik $#Lietuva $74074266-0 $8--Tg1--Litauen $x01 $9085209074 
247C/01 $82080>Marburg/Lahn, Herder-Institut, Forschungsbibliothek, Bibliographieportal $9336309341
LEADER 00000caa a2200000 c 4500
001 43293474X
003 DE-603
005 20190726153401.0
007 cr||||||||||||
008 180622s2016 xx |||| o| u00||u|eng c
024 7 |a 10.1093/hgs/dcw069  |2 doi 
035 |a (DE-599)HEB43293474X 
040 |a DE-603  |b ger  |c DE-603  |d DE-603  |e rda 
041 |a eng 
082 0 4 |8 1\u  |a 909.04924094793  |q DE-101  |2 23/BSB 
084 |a ROM  |q DE-5  |2 fid 
084 |a ROM  |q DE-18  |2 fid 
084 |a JUDAICA  |q DE-30  |2 fid 
084 |a INTRECHT  |q DE-1a  |2 fid 
084 |a KRIM  |q DE-21  |2 fid 
084 |a 2,1  |2 ssgn 
085 |8 1\u  |b 909.04924 
085 |8 1\u  |z 1  |s 0904 
085 |8 1\u  |z 2  |s 4793 
100 1 |a Pollin-Galay, Hannah  |e Verfasser  |4 aut  |0 (DE-603)378562231  |0 (DE-588)1098142608  |2 gnd 
245 0 0 |a Naming the Criminal  |b Lithuanian Jews Remember Perpetrators  |c Hannah Pollin-Galay 
264 0 |c 2016 
336 |a Text  |b txt  |2 rdacontent 
337 |a Computermedien  |b c  |2 rdamedia 
338 |a Online-Ressource  |b cr  |2 rdacarrier 
648 7 |a Geschichte 1941-2013  |2 gnd 
650 7 |a Judenvernichtung  |0 (DE-588)4073091-8  |0 (DE-603)085205818  |2 gnd 
650 7 |a Erlebnisbericht  |0 (DE-588)4133254-4  |0 (DE-603)085482919  |2 gnd 
650 7 |a Geschichtsbewusstsein  |0 (DE-588)4020526-5  |0 (DE-603)085049387  |2 gnd 
651 7 |a Litauen  |0 (DE-588)4074266-0  |0 (DE-603)085209074  |2 gnd 
773 0 8 |i Enthalten in  |t Holocaust and genocide studies  |d Oxford ˜[u.a.] œ: Oxford Univ. Press, 1986-  |h Online-Ressource  |x 1476-7937  |g Band 30, Heft 3 (2016), Seite 506-531  |w (DE-603)10488908X  |w (DE-600)2079719-9 
924 1 |9 2080  |a (DE-603)1023773309  |b DE-2080  |c HES  |d d  |g /